00584 2200217 4500001002100000005001500021035002000036007000300056008004100059020001800100082001000118084001600128100002000144245005000164260003900214300003800253650002700291520002600318990001100344990001100355INLIS00000000000385920190731100221 a0010-0719000277ta190731 b 0 ind  a979-1709-88-2 a398.2 a398.2 DAR d0 aDARU, Wijayanti1 aDongeng Asal-Usul Nusantara /cDaru Wijayanti aYogyakarta :bNew Diglossia,c2016 aix, 251 hlm :bilus ;c18 x 23 cm 4aDONGENG. ADAT ISTIADAT aBibliografi.: 251 hlm a5911 a a5911 b